Entry Nombre personal
001 - NÚMERO DE CONTROL
- campo de control: 234002
003 - IDENTIFICADOR DE NÚMERO DE CONTROL
- campo de control: SpMaBN
005 - FECHA Y HORA DE LA ÚLTIMA TRANSACCIÓN
- campo de control: 20250803025430.0
008 - ELEMENTOS DE DATO DE LONGITUD-FIJA
- campo de control de longitud fija: 200384nn aijnnaabn a aaa
016 ## - NÚMERO DE CONTROL DE UNA AGENCIA BIBLIOGRÁFICA NACIONAL
- Número de control del registro: BNE19924688231
024 7# - IDENTIFICADOR DE OTROS ESTÁNDARES
- Número estándar o código: http://viaf.org/viaf/24731085/
- Fuente: viaf
024 7# - IDENTIFICADOR DE OTROS ESTÁNDARES
- Número estándar o código: https://isni.org/isni/0000000116091769
- Fuente: isni
040 ## - FUENTE DE CATALOGACIÓN
- Centro catalogador/agencia de origen: SpMaBN
- Lengua de catalogación: spa
- Centro/agencia transcriptor: SpMaBN
- Normas de descripción: rdc
- Convención/Normas de encabezamiento de materia/tesauro: embne
046 ## - FECHAS CON CODIFICACIÓN ESPECIAL
- Fecha de nacimiento: 1936
100 1# - ENCABEZAMIENTO-NOMBRE DE PERSONA
- Nombre de persona: Morena, Áurea de la,
- Fechas asociadas al nombre: 1936-
372 ## - CAMPO DE ACTIVIDAD
- Campo de actividad: Historia del Arte
- Fuente de información: (Dialnet)
375 ## - GÉNERO/SEXO
- Género: Femenino
377 ## - IDIOMA ASOCIADO
- Código del idioma: spa
- Término de lengua/lenguaje: Español
400 1# - TRAZADO DE VÉASE--NOMBRE DE PERSONA
- Nombre de persona: Morena Bartolomé, Áurea de la,
- Fechas asociadas al nombre: 1936-
670 ## - FUENTE DE DATOS ENCONTRADOS
- Cita de la fuente: La Catedral Magistral de Alcalá de Henares, 1999
- Información encontrada: v. port. (ed., Áurea de la Morena)
670 ## - FUENTE DE DATOS ENCONTRADOS
- Cita de la fuente: Catálago monumental de Madrid, 1976
- Información encontrada: port. (Áurea de la Morena Bartolomé)
670 ## - FUENTE DE DATOS ENCONTRADOS
- Cita de la fuente: Diccionario de historiadores españoles del arte, 2006
- Información encontrada: p. 245 (Morena Bartolomé, Áurea de la, n. en Colmenar Viejo (Madrid), el 24-8-1936, Catedrática de Historia del Arte, Dep. de historia del Arte I, Universidad Complutense de Madrid)
856 4# - LOCALIZACIÓN Y ACCESO ELECTRÓNICOS
- Identificador Uniforme de Recursos: http://dialnet.unirioja.es/servlet/autorExterno/BNE/977701
